| 000 | 00589ntaaa2200193 4500 | ||
|---|---|---|---|
| 003 | 01 | ||
| 005 | 20251027202340.0 | ||
| 008 | 0714s1973 ag 01 | ||
| 040 |
_aAR-BaBN _bspa _cAR-BaBN _eaacr _dRIC |
||
| 082 | _a296.9000 Es6 | ||
| 100 |
_aEspinoza, Julo _922132 |
||
| 245 | _aDestino de los judíos según la Biblia | ||
| 250 | _a1 ed. | ||
| 260 |
_aBuenos Aires : _b"El Faro", _c1966 |
||
| 300 | _a155 p | ||
| 500 | _aUn pastor evangélico "rastrea" en las páginas de la Biblia los pasos del pueblo judío para descrubrir su destino final. | ||
| 650 |
_aJudíos _910184 |
||
| 942 | _cBK | ||
| 999 |
_c18362 _d18362 |
||